|
|
|
|
| LEADER |
01282nam a2200301 a 4500 |
| 001 |
2919654 |
| 008 |
090811s1988 oncb b 000 0 eng d |
| 010 |
|
|
|a 88198797
|
| 020 |
|
|
|a 0889365024
|
| 040 |
|
|
|a DAID
|c DLC
|d DLC
|
| 082 |
0 |
4 |
|a 304.66
|2 19
|
| 245 |
0 |
0 |
|a Impact of modernization on development and demographic behaviour :
|b case studies in seven Third World countries /
|c edited by Carol Vlassoff and Barkat-e-Khuda.
|
| 260 |
|
|
|a Ottawa, Ont., Canada :
|b International Development Research Centre,
|c c1988.
|
| 300 |
|
|
|a xi, 123 p. :
|b map ;
|c 25 cm.
|
| 490 |
1 |
|
|a IDRC ;
|v 260e
|
| 504 |
|
|
|a Bibliography: p. 119-123.
|
| 541 |
1 |
|
|e 00003286
|
| 651 |
|
0 |
|a Developing countries
|x Population.
|
| 651 |
|
0 |
|a Developing countries
|x Rural conditions.
|
| 650 |
|
0 |
|a Rural development.
|
| 650 |
|
0 |
|a Demographic transition
|z Developing countries.
|
| 700 |
1 |
|
|a Vlassoff, Carol.
|
| 700 |
0 |
|
|a Barkat-e-Khuda.
|
| 710 |
2 |
|
|a International Development Research Centre (Canada)
|
| 830 |
|
0 |
|a IDRC (Series) ;
|v 260e.
|
| 852 |
4 |
|
|a Ayesha Abed Library
|j General Shelf.
|
| 999 |
|
|
|c 3406
|d 3406
|
| 952 |
|
|
|0 0
|1 0
|2 ddc
|4 0
|6 304_660000000000000_IMP_1988
|7 0
|9 3092
|a BRACUL
|b BRACUL
|c GEN
|d 2009-09-01
|g 0.00
|l 0
|o 304.66 IMP
|p 3010003286
|r 2009-09-01
|t 1
|w 2009-09-01
|y BK
|x No price found in the accession register.
|